Answers to tough questions skeptics ask about the Christian faith / (Record no. 6018)

MARC details
000 -LEADER
fixed length control field 01081cam a2200301 i 4500
001 - CONTROL NUMBER
control field 6950396
003 - CONTROL NUMBER IDENTIFIER
control field OCoLC
005 - DATE AND TIME OF LATEST TRANSACTION
control field 20190111162820.0
008 - FIXED-LENGTH DATA ELEMENTS--GENERAL INFORMATION
fixed length control field 801217s1980 cau b 000 0 eng
010 ## - LIBRARY OF CONGRESS CONTROL NUMBER
LC control number 80067432
020 ## - INTERNATIONAL STANDARD BOOK NUMBER
International Standard Book Number 091895665X (pbk.) :
Terms of availability $4.95
020 ## - INTERNATIONAL STANDARD BOOK NUMBER
International Standard Book Number 9780918956651 (pbk.)
035 ## - SYSTEM CONTROL NUMBER
System control number (OCoLC)6950396
040 ## - CATALOGING SOURCE
Original cataloging agency DLC
Transcribing agency DLC
Modifying agency BTCTA
-- HNW
-- CBC
050 00 - LIBRARY OF CONGRESS CALL NUMBER
Classification number BT1102
Item number .M24
082 00 - DEWEY DECIMAL CLASSIFICATION NUMBER
Classification number 230
Edition number 19
Item number M478a
092 ## - LOCALLY ASSIGNED DEWEY CALL NUMBER (OCLC)
Classification number 230
Item number M1386
100 1# - MAIN ENTRY--PERSONAL NAME
Personal name McDowell, Josh.
245 10 - TITLE STATEMENT
Title Answers to tough questions skeptics ask about the Christian faith /
Statement of responsibility, etc. Josh McDowell and Don Stewart.
260 ## - PUBLICATION, DISTRIBUTION, ETC.
Place of publication, distribution, etc. San Bernardino, Calif. :
Name of publisher, distributor, etc. Here's Life Publishers,
Date of publication, distribution, etc. c1980.
300 ## - PHYSICAL DESCRIPTION
Extent 198 p. ;
Dimensions 21 cm.
504 ## - BIBLIOGRAPHY, ETC. NOTE
Bibliography, etc. note Includes bibliographies.
505 0# - FORMATTED CONTENTS NOTE
Formatted contents note The Bible -- Jesus Christ -- God -- Miracles then and now -- Bible difficulties -- World religions -- Christianity -- Believing faith -- The shroud of Turin -- Creation accounts.
650 #0 - SUBJECT ADDED ENTRY--TOPICAL TERM
Topical term or geographic name entry element Apologetics.
650 #0 - SUBJECT ADDED ENTRY--TOPICAL TERM
Topical term or geographic name entry element Christianity
Form subdivision Miscellanea.
700 1# - ADDED ENTRY--PERSONAL NAME
Personal name Stewart, Don Douglas,
Relator term joint author.
942 ## - ADDED ENTRY ELEMENTS (KOHA)
Source of classification or shelving scheme Dewey Decimal Classification
Koha item type Books

No items available.


OPAC Designed and Maintained by HMC Library Team.
Copyright © HMC Library,Greater Noida, UP.
For any Suggestions/Query Contact library via Email:libhmc@gmail.com